Welcome to CU Library Online Public Access Catalogue (OPAC)

Law Reports of the Commonwealth 1987 (Record no. 1908)

MARC details
000 -LEADER
fixed length control field 00686nam a22001457a 4500
005 - DATE AND TIME OF LATEST TRANSACTION
control field 20241203095605.0
008 - FIXED-LENGTH DATA ELEMENTS--GENERAL INFORMATION
fixed length control field 241203b |||||||| |||| 00| 0 eng d
020 ## - INTERNATIONAL STANDARD BOOK NUMBER
International Standard Book Number 9780862051398
245 ## - TITLE STATEMENT
Title Law Reports of the Commonwealth 1987
Remainder of title Commercial Law
260 ## - PUBLICATION, DISTRIBUTION, ETC.
Place of publication, distribution, etc. Abingdon, UK
Name of publisher, distributor, etc. Professional Books Ltd.
Date of publication, distribution, etc. 1987
300 ## - PHYSICAL DESCRIPTION
Extent lxxii, 899 pages
Dimensions 24 cm
500 ## - GENERAL NOTE
General note General Editors: Read James S. Prof. LL.B. of Gray’s Inn, Barrister. Slinn Peter E. M.A., PhD., Solicitor, England and Wales. <br/><br/>Managing Editor: Wylie, J.C.W. LL.M, LL.D.<br/><br/><br/>Assistant Editor: Smart John P. , LL.M. of Lincoln's Inn, Barrister-at-Law<br/>
650 ## - SUBJECT ADDED ENTRY--TOPICAL TERM
Source of heading or term Law Reports
General subdivision Commonwealth Nations
942 ## - ADDED ENTRY ELEMENTS (KOHA)
Source of classification or shelving scheme Library of Congress Classification
Koha item type Books
Suppress in OPAC No
999 ## -
-- 1908
-- 1908
Holdings
Withdrawn status Lost status Source of classification or shelving scheme Damaged status Not for loan Collection Home library Current library Shelving location Date acquired Total checkouts Full call number Barcode Date last seen Copy number Price effective from Koha item type
    Library of Congress Classification     Non-fiction Law Library (Miotso) Law Library (Miotso) Reference 12/03/2024   LRC87 COM LLM00001343 12/03/2024 1 12/03/2024 Books
© 2023-2024 Copyright: Central University Libraries. All Rights Reserved | Created by: Mahone Tech Office